书目信息 |
| 题名: |
首富之路
|
|
| 作者: | 许群航 , 孙晓娥 编 | |
| 分册: | ||
| 出版信息: | 西安 西安交通大学出版社 2000.02 |
|
| 页数: | 370页 | |
| 开本: | 20cm | |
| 丛书名: | ||
| 单 册: | ||
| 中图分类: | H319.4 | |
| 科图分类: | ||
| 主题词: | 英语 | |
| 电子资源: | ||
| ISBN: | 7-5605-1165-1 | |
| 000 | 00573nam0 2200205 45 | |
| 001 | 0459039460 | |
| 005 | 2004042716235880 | |
| 010 | @a7-5605-1165-1@dCNY 15.00 | |
| 100 | @a20040427d2000 km y0chiy0120 ea | |
| 101 | 0 | @achi |
| 102 | @aCN@b610000 | |
| 200 | 1 | @a首富之路@AShou Fu Zhi Lu@f许群航,孙晓娥编@FXu Qun Hang,Sun Xiao E Bian |
| 210 | @a西安@c西安交通大学出版社@d2000.02 | |
| 215 | @a370页@d20cm | |
| 606 | 0 | @a英语 |
| 690 | @aH319.4@v3 | |
| 701 | 0 | @a许群航@AXu Qun Hang@4编 |
| 701 | 0 | @a孙晓娥@ASun Xiao E@4编 |
| 801 | 0 | @aCN@bPFT@c20040427 |
| 905 | @dH319.4@eX882 | |
| 首富之路/许群航,孙晓娥编.-西安:西安交通大学出版社,2000.02 |
| 370页;20cm |
| ISBN 7-5605-1165-1:CNY 15.00 |
| ● |
| 相关链接 |
|
|
|
正题名:首富之路
索取号:H319.4/X882
 
预约/预借
| 序号 | 登录号 | 条形码 | 馆藏地/架位号 | 状态 | 备注 |
| 1 | 382616 | 203826164 | 语言库209/209语言库 50排2列3层/ [索取号:H319.4/X882] | 在馆 | |
| 2 | 382617 | 203826173 | 语言库209/209语言库 50排2列3层/ [索取号:H319.4/X882] | 在馆 | |
| 3 | 382618 | 203826182 | 语言库209/209语言库 50排2列3层/ [索取号:H319.4/X882] | 在馆 |